000 00949nam a2200253 i 4500
001 121209
003 ES-MaACL
005 20250323192211.0
007 t|
008 070214s1971 sp r ||||1| spa d
080 _a72 Gaudí, Antoni
100 1 _aPrevost, Clovis.
_993816
245 1 3 _aLa visión artística y religiosa de Gaudí /
_cCloris Prévost, Robert Descharnes ; con un prólogo de Salvador Dalí y el ensayo "La visió artística i religiosa d'en Gaudí" de Francesc Pujols presentado por Joan Alavedra.
260 _aBarcelona :
_bAymà,
_c1971.
300 _a245 p., 50 lám. :
_bil. ;
_c31 cm.
600 1 4 _aGaudí, Antoni,
_d1852-1926
_955994
700 1 _aDescharnes, Robert.
_943852
700 1 _aDalí, Salvador.
_942483
700 1 _aPujols, Francesc.
_994360
700 1 _aAlavedra, Joan.
_919176
740 3 2 _aLa visió artística i religiosa d'en Gaudí.
852 4 _aES-MaACL
_jC-41681
999 _c121209
_d121209